| Tag |
First Indicator |
Second Indicator |
Subfields |
| LEADER |
00000cam a2200000 i 4500 |
| 001 |
in00004053621 |
| 005 |
20190805134450.0 |
| 006 |
m o d f |
| 007 |
cr cn||||||||| |
| 008 |
110531s1969 dcuak obs f000 0 eng c |
| 035 |
|
|
|a (OCoLC)on1015648875
|
| 042 |
|
|
|a pcc
|
| 043 |
|
|
|a n-us---
|
| 040 |
|
|
|a SXT
|b eng
|e rda
|e pn
|c SXT
|d OCLCO
|d NLC
|d OCLCF
|d OCLCQ
|d GPO
|d MvI
|
| 049 |
|
|
|a WWW
|
| 074 |
|
|
|a 0500-E (online)
|
| 086 |
0 |
|
|a FS 2.85/2:22/NO.9
|z HE 20.6209:22/9
|
| 100 |
1 |
|
|a Mathis, Evelyn S.,
|e author.
|
| 245 |
1 |
0 |
|a Socioeconomic characteristics of deceased persons :
|b United States - 1962-1963 deaths /
|c Evelyn S. Mathis.
|
| 264 |
|
1 |
|a Washington, D.C. :
|b U.S. Department of Health, Education, and Welfare, Public Health Service, Health Services and Mental Health Administration,
|c 1969.
|
| 300 |
|
|
|a 1 online resource (iv, 38 pages) :
|b illustrations, forms.
|
| 336 |
|
|
|a text
|b txt
|2 rdacontent
|
| 337 |
|
|
|a computer
|b c
|2 rdamedia
|
| 338 |
|
|
|a online resource
|b cr
|2 rdacarrier
|
| 490 |
1 |
|
|a Vital and health statistics. Series 22, Data from the national vital statistics system ;
|v number 9
|
| 490 |
1 |
|
|a Public Health Service publication ;
|v no. 1000-series 22-no. 9
|
| 500 |
|
|
|a "Statistics on educational attainment and family income of persons who died during 1962 and 1963 by age, color, residence and family status. Based on data collected in a mail survey with questionnaires sent to the informant for the death certificate."
|
| 500 |
|
|
|a "February 1969."
|
| 504 |
|
|
|a Includes bibliographical references (page 8).
|
| 588 |
|
|
|a Description based on online resource, PDF version; title from title page (CDC, viewed July 23, 2018).
|
| 650 |
|
0 |
|a Mortality
|z United States
|v Statistics.
|
| 650 |
|
0 |
|a Educational attainment
|z United States
|v Statistics.
|
| 650 |
|
0 |
|a Income
|z United States
|v Statistics.
|
| 651 |
|
0 |
|a United States
|v Statistics, Vital.
|
| 650 |
|
7 |
|a Mortality.
|2 fast
|0 (OCoLC)fst01026502
|
| 651 |
|
7 |
|a United States.
|2 fast
|0 (OCoLC)fst01204155
|
| 655 |
|
7 |
|a Vital statistics.
|2 fast
|0 (OCoLC)fst01423730
|
| 655 |
|
7 |
|a Vital statistics.
|2 lcgft
|
| 710 |
2 |
|
|a National Center for Health Statistics (U.S.),
|e issuing body.
|
| 776 |
0 |
8 |
|i Print version:
|t Socioeconomic characteristics of deceased persons, United States, 1962-1963 deaths
|w (OCoLC)3288
|
| 830 |
|
0 |
|a Public Health Service publication ;
|v no. 1000.
|
| 830 |
|
0 |
|a Vital and health statistics.
|n Series 22,
|p Data from the national vital statistics system ;
|v no. 9.
|
| 856 |
4 |
0 |
|u https://purl.fdlp.gov/GPO/gpo106553
|t 0
|
| 999 |
f |
f |
|s baf9d271-166a-3a0a-b63a-68d1b6f55068
|i cd2edd46-4984-38ec-a154-15788d51b31d
|t 0
|
| 952 |
f |
f |
|a Texas A&M University
|b College Station
|c Electronic Resources
|d Available Online
|t 0
|e HE 20.6209:22/9
|h Superintendent of Documents classification
|
| 998 |
f |
f |
|a HE 20.6209:22/9
|t 0
|l Available Online
|